Najdrożsi piłkarze z danej ligi i kraju #1 - Statystyki

Ogólne statystyki
  • Ten quiz został rozwiązany 2 060 razy
    1 176 od ostatniego zresetowania
  • Średni wynik to 21 z 50
Statystyki odpowiedzi
Liga/kraj: Piłkarz: % Poprawnych
LIGUE 1: Kylian Mbappé
86%
FRANCJA: Kylian Mbappé
86%
PREMIER LEAGUE: Erling Haaland
85%
LA LIGA: Jude Bellingham
75%
ANGLIA: Jude Bellingham
75%
BUNDESLIGA: Harry Kane
70%
Harry Kane
70%
Vinicius Junior
67%
Bukayo Saka
64%
Bukayo Saka
64%
Phil Foden
64%
Phil Foden
64%
Pedri
62%
Pedri
62%
Jamal Musiala
59%
NIEMCY: Jamal Musiala
59%
Lamine Yamal
57%
Gavi
56%
Rodrygo
52%
Rodri
51%
HISZPANIA: Rodri
51%
Florian Wirtz
48%
Florian Wirtz
48%
Lautaro Martinez
41%
Declan Rice
37%
Declan Rice
37%
Nicolò Barella
36%
WŁOCHY: Nicolò Barella
36%
Eduardo Camavinga
33%
Rafael Leão
33%
Federico Valverde
32%
Joshua Kimmich
30%
Joshua Kimmich
30%
Federico Chiesa
29%
Leroy Sané
27%
Leroy Sané
27%
Aurélien Tchouaméni
25%
Alessandro Bastoni
23%
SERIE A: Victor Osimhen
22%
Randal Kolo Muani
21%
Nico Williams
19%
Achraf Hakimi
18%
William Saliba
17%
Kai Havertz
16%
Federico Dimarco
14%
Khvicha Kvaratskhelia
13%
Marquinhos
11%
Christopher Nkunku
7%
Manuel Ugarte
4%
Giorgio Scalvini
2%
Nie znaleziono quizów pasujących do podanych kryteriów
Rozkład punktacji
Procent ludzi z każdym wynikiem
Percentyl według liczby udzielonych odpowiedzi
Twoja historia wyników
Nie rozwiązałeś tego quizu od ostatniego zresetowania